|
|
|
|
| LEADER |
00000cam a2200000 7i4500 |
| 001 |
0000278120 |
| 005 |
20210628035617.0 |
| 006 |
# ###e ### |
| 007 |
t |
| 008 |
210628 enk# e eng |
| 020 |
|
|
|a 9781786274991
|
| 040 |
|
|
|a MBPJ
|b eng
|c MBPJ
|e rda
|
| 090 |
0 |
0 |
|a 333.72
|b FEE
|
| 100 |
1 |
|
|a Fee, Natalie ,
|e author
|
| 245 |
1 |
0 |
|a How to save the world for free
|c NATALIE FEE; Illustrations by Carissa Tanton
|
| 264 |
|
1 |
|a London :
|b Laurence King Publishing Ltd
|c 2019
|
| 264 |
|
4 |
|c ©2019
|
| 300 |
|
|
|a 208 pages ;
|c 20 cm.
|
| 336 |
|
|
|a text
|2 rdacontent
|
| 337 |
|
|
|a unmediated
|2 rdamedia
|
| 338 |
|
|
|a volume
|2 rdacarrier
|
| 650 |
|
0 |
|a Energy conservation
|
| 650 |
|
0 |
|a Sustainable living
|
| 700 |
1 |
|
|a Tanton, Carissa ,
|e illustrator
|
| 999 |
|
|
|a 00384654
|b BUKU
|c PINJAMAN
|e PERPUSTAKAAN KOMUNITI CAW BANDAR UTAMA
|